000 00528nam a22001697a 4500
005 20251108171109.0
008 250721s9999 xx 000 0 ara d
082 1 4 _aم/214.2/جوز
100 1 _aإبن الجوزي، أبو الفرج عبد الرحمن
245 1 0 _aتلبيس إبليس /
264 1 _aالاسكندرية :
_bدار العقيدة للتراث،
_c[19-].
300 _a502ص.
650 1 7 _aأصول الدين الإسلامي
650 1 7 _aالشياطين
942 _2ddc
_cREF
999 _c56531
_d56531